Initiales de DA à DZ - Statistiques

Statistiques générales
  • Ce quiz a été pris 37 fois
  • Le résultat moyen est 9 sur 26
Statistiques - réponses
Initiales Questions Réponses % Correct
DD Champion du monde en joueur et en sélectionneur Didier Deschamps
100%
DB Footballeur anglais dont sa femme s'appelle Victoria David Beckham
94%
DG Probablement le plus connu des DJ français David Guetta
94%
DK Singe le plus connu de l'univers Mario Donkey Kong
90%
DJ Acteur et catcheur nomme The Rock Dwayne Johnson
81%
DE Femme de Philippe, l'un des plus grand chef cuisinier français Dominique Etchebest
77%
DO Professeur de Harry Potter aimant particulièrement le Rose Dolores Ombrage
55%
DF Tennisman espagnol ancien numéro 3 mondial David Ferrer
48%
DU Joueur de cricket dont le nom traduit donnerait "sous-bois" Derek Underwood
48%
DL Journal le plus lu en Rhône-Alpes Dauphiné Libéré
45%
DN Dessinateur américain de comics au nom .. bien Vietnamien Dustin Nguyen
39%
DR Pilote Australien en F1, qui pilotait chez Renault, McLaren et Red Bull Daniel Ricciardo
32%
DP Moine bouddhiste considéré comme l'inventeur du champagne Dom Pérignon
32%
DV Réalisateur emblématique des "Dune" Denis Villeneuve
29%
DM Groupe de musique anglais de rock alternatif, son succès commença en 1990 Dépêche Mode
23%
DY Réalisateur des Harry Potter 5 à 8 et des Animaux Fantastiques David Yates
19%
DS Il joue Zack dans "La vie de Palace de Zack et Cody Dylan Sprouse
16%
DZ Footballeur Ivoirien dont le nom ressemble au nom de scène de Matthieu Tota Didier Zokora
13%
DI Rugbywoman française ayant 4 titres de championne d'Europe Danièle Irazu
0%
DT Autiste Asperger ayant cité 22 514 décimales de pi Daniel Tammet
0%
DA Champion du monde 2024 Moto3 avec le record de 14 victoires dans la saison David Alonso
0%
DC Seule fondeuse française a avoir gagné une étape de coupe du monde Delphine Claudel
0%
DH Pilote NASCAR pilote de la Toyota numéro 11 depuis plus de 15 ans Denny Hamlin
0%
DW Personnage de fiction de la série Malcolm joué par Érik Per Sullivan Dewey Wilkerson
0%
DQ Boxeur américain champion du monde après avoir fait de la prison Dwight Qawi
0%
DX Chanteur du groupe Taiwanais SpeXial Dylan Xiong
0%
Aucun quiz correspondant
Distribution des résultats
% des personnes avec chaque résultat
Percentile par nombre de réponses
Votre historique - résultats
Vous n’avez pas pris ce quiz